000 00470nam a22001812 4500
001 0000005608
005 20151217160109.0
008 070620s xx 000 0 eng d
040 _aKABU
_cKABU
050 0 _aPZ7
_b.W4L57
100 1 _aWebster, Douglas.
_@0000156854
245 1 0 _aListen to the wind.
260 _aLondon :
_bHighway Press,
_c1958.
300 _a140 p.
908 _a070620
950 _@1
999 _c14176
_d14176